| 000 | 01296cam a2200409 4500 | ||
|---|---|---|---|
| 001 | 20000 | ||
| 003 | VRT | ||
| 005 | 20260109183355.0 | ||
| 008 | 250528s2023 xo e 000 f slo | ||
| 015 | _aSNBA2025/06 | ||
| 020 |
_a9788082520715 _q(viazané) |
||
| 039 | 9 |
_a202506230853 _bmsnk176 |
|
| 040 |
_aSNK _bslo _cSNK _erda |
||
| 041 | 0 | _aslo | |
| 044 |
_axo _cSK |
||
| 072 | 7 |
_a821.162.4-3 _xSlovenská próza _2konspekt |
|
| 080 |
_a821.162.4-31 _22011 |
||
| 080 |
_a821-311.6 _22011 |
||
| 100 | 1 |
_aHlubocká, Martina _4aut |
|
| 245 | 1 | 0 |
_aGentlemanská stávka _nII _cMartina Hlubocká |
| 264 | 1 |
_a[Ivanka pri Dunaji] _bBestseler _c[2023] |
|
| 300 |
_a359 strán _c21 cm |
||
| 336 |
_atext _btxt _2rdacontent |
||
| 337 |
_abez média _bn _2rdamedia |
||
| 338 |
_azväzok _bnc _2rdacarrier |
||
| 500 | _aMiesto a rok vydania podľa NA ISBN | ||
| 500 | _aÚdaj o sérii z externého zdroja | ||
| 655 | 7 |
_aslovenské romány _2SNKPH |
|
| 655 | 7 |
_ahistorické romány _2SNKPH |
|
| 655 | 7 |
_aSlovak fiction _2SNKPHeng |
|
| 655 | 7 |
_aHistorical novels _2SNKPHeng |
|
| 700 | 1 |
_aMaat, Zuzi, _d1985- _4bjd |
|
| 787 | 0 | 8 |
_iZo série: _tGentlemanská stávka _g2 |
| 942 |
_2ddc _cKLDO _n0 |
||
| 949 |
_617A1574579 _asnkSC 210583 _bsnk2025/8662 _o761/2025 |
||
| 999 |
_c20000 _d20000 |
||